Những vấn đề về chiến lược phát triển giáo dục trong thời kỳ công nghiệp hóa, hiện đại hóa Giáo dục trung học phổ thông ( Kỷ yếu hội thảo )
Sparad:
| Huvudupphovsman: | |
|---|---|
| Materialtyp: | Bok |
| Språk: | Undetermined |
| Publicerad: |
Hà Nội
Giáo Dục
1998
|
| Ämnen: | |
| Taggar: |
Lägg till en tagg
Inga taggar, Lägg till första taggen!
|
| Thư viện lưu trữ: | Trung tâm Học liệu Trường Đại học Cần Thơ |
|---|
| LEADER | 00706nam a2200181Ia 4500 | ||
|---|---|---|---|
| 001 | CTU_36140 | ||
| 008 | 210402s9999 xx 000 0 und d | ||
| 082 | |a 373 | ||
| 082 | |b Nh556 | ||
| 100 | |a Bộ Giáo dục và Đào tạo | ||
| 245 | 0 | |a Những vấn đề về chiến lược phát triển giáo dục trong thời kỳ công nghiệp hóa, hiện đại hóa | |
| 245 | 0 | |b Giáo dục trung học phổ thông ( Kỷ yếu hội thảo ) | |
| 245 | 0 | |c Bộ Giáo dục và Đào tạo | |
| 260 | |a Hà Nội | ||
| 260 | |b Giáo Dục | ||
| 260 | |c 1998 | ||
| 650 | |a education, secondary | ||
| 980 | |a Trung tâm Học liệu Trường Đại học Cần Thơ | ||